[Event "?"]
[Site "Terrassa ESP"]
[Date "1992.??.??"]
[Round "8"]
[White "Garcia, David"]
[Black "Topalov, Veselin"]
[Result "1/2-1/2"]
[WhiteElo "2420"]
[BlackElo "2460"]
[EventDate "1992.??.??"]

1.d4 d6 2.Cf3 f5 3.g3 Cf6 4.Fg2 g6 5.O-O Fg7 6.c4 O-O 7.Cc3 c6 8.b3 Ca6 9.
Fb2 De8 10.Te1 h6 11.e4 fxe4 12.Cxe4 Df7 13.Cxf6+ Fxf6 14.Dd2 Dg7 15.Te2 
Ff5 16.Tae1 Tae8 17.b4 Cc7 18.a4 1/2-1/2

[Event "Open"]
[Site "Seville ESP"]
[Date "1992.??.??"]
[Round "3"]
[White "Antunes, Antonio"]
[Black "Topalov, Veselin"]
[Result "1-0"]
[WhiteElo "2465"]
[BlackElo "2460"]
[EventDate "1992.01.??"]

1.e4 c5 2.Cf3 d6 3.d4 cxd4 4.Dxd4 Fd7 5.Fe3 Cc6 6.Dd2 g6 7.c4 Fg7 8.Cc3 
Cf6 9.Fe2 O-O 10.O-O a6 11.Tac1 Cg4 12.Fg5 h6 13.Fh4 g5 14.Fg3 Da5 15.h4 
gxh4 16.Fxh4 Tae8 17.c5 Dxc5 18.Cd5 Da7 19.Cxe7+ Cxe7 20.Dxd6 Cg6 21.Dxd7 
Txe4 22.Fg3 Txe2 23.Dxg4 Txb2 24.Tfd1 Db6 25.Td6 Db5 26.a4 Da5 27.Tc4 Tb6 
28.Td7 h5 29.De4 Te6 30.Dxb7 Df5 31.Td5 Df6 32.Txh5 Tb6 33.De4 Da1+ 34.Rh2
Tb1 35.Rh3 Th1+ 36.Ch2 Da3 37.Tc6 Td8 38.Txa6 Dc3 39.Ta8 Cf4+ 40.Rg4 1-0

[Event "Open"]
[Site "Palma de Majorca ESP"]
[Date "1992.??.??"]
[Round "4"]
[White "Topalov, Veselin"]
[Black "Reyes, Juan"]
[Result "1-0"]
[WhiteElo "2460"]
[BlackElo "2415"]
[EventDate "1992.04.??"]

1.d4 Cf6 2.c4 g6 3.Cc3 Fg7 4.e4 d6 5.f3 O-O 6.Fg5 c5 7.d5 e6 8.Dd2 exd5 9.
cxd5 a6 10.a4 Da5 11.Ta3 Te8 12.Cge2 Cbd7 13.Cg3 Tb8 14.Fe2 Dc7 15.O-O c4 
16.Fe3 b5 17.axb5 axb5 18.b4 Ce5 19.Ta7 Dd8 20.Ta5 Fd7 21.f4 Ceg4 22.Fd4 
h5 23.Ff3 h4 24.Cge2 h3 25.gxh3 Ch6 26.Fg2 Rh7 27.Cg3 Cfg8 28.Ta7 Ce7 29.
Fxg7 Rxg7 30.f5 Cc8 31.f6+ Rh7 32.Ta6 Te5 33.Cce2 Cb6 34.Cd4 Dc8 35.Ta3 
Ca4 36.Cge2 Th5 37.Cf3 Dc7 38.Rh1 Tc8 39.Cg5+ Rg8 40.Ff3 c3 41.Cxc3 Fxh3 
42.Cxb5 Db6 43.Cxh3 Txh3 44.Fe2 Cc3 45.Txc3 Tcxc3 46.Cxc3 Dxb4 47.Tf3 1-0

[Event "Open"]
[Site "Palma de Majorca ESP"]
[Date "1992.??.??"]
[Round "5"]
[White "Topalov, Veselin"]
[Black "Ubilava, Elizbar"]
[Result "1-0"]
[WhiteElo "2460"]
[BlackElo "2560"]
[EventDate "1992.04.??"]

1.d4 Cf6 2.c4 g6 3.Cc3 Fg7 4.e4 d6 5.f3 O-O 6.Cge2 e5 7.Fg5 c6 8.Dd2 Cbd7 
9.O-O-O Da5 10.Rb1 Cb6 11.b3 exd4 12.Cxd4 Cbd7 13.h4 Ce5 14.g4 Db6 15.h5 
a5 16.Dh2 Cfd7 17.Ca4 Da7 18.hxg6 hxg6 19.Fh6 Te8 20.Fxg7 Rxg7 21.g5 1-0

[Event "Open"]
[Site "Palma de Majorca ESP"]
[Date "1992.??.??"]
[Round "6"]
[White "Campos, Jose Felix"]
[Black "Topalov, Veselin"]
[Result "0-1"]
[WhiteElo "2470"]
[BlackElo "2460"]
[EventDate "1992.04.??"]

1.d4 Cf6 2.c4 g6 3.Cc3 Fg7 4.e4 d6 5.f3 O-O 6.Fg5 c5 7.d5 e6 8.Dd2 h6 9.
Fe3 exd5 10.cxd5 a6 11.a4 h5 12.Fe2 Te8 13.Fd1 Cbd7 14.Cge2 Ce5 15.b3 Da5 
16.Ta2 c4 17.O-O cxb3 18.Fxb3 Cfd7 19.Cb1 b6 20.Dxa5 bxa5 21.Cd2 Tb8 22.
Fc2 Tb4 23.Cb3 Cc4 24.Ff2 Cdb6 25.Fe1 Cxd5 26.exd5 Txe2 27.Cc1 Te3 28.Fxb4
axb4 29.Cb3 Tc3 30.Te1 Ce3 31.Ca1 Cxd5 32.Fb3 Fd4+ 33.Rh1 Ce3 34.Td2 Fe5 
35.Fc2 Fe6 36.Fd3 a5 37.g3 b3 0-1

[Event "Open"]
[Site "Palma de Majorca ESP"]
[Date "1992.??.??"]
[Round "7"]
[White "Topalov, Veselin"]
[Black "Sanchez Almeyra, Jorge"]
[Result "1/2-1/2"]
[WhiteElo "2460"]
[BlackElo "2425"]
[EventDate "1992.04.??"]

1.d4 Cf6 2.c4 g6 3.Cc3 d5 4.cxd5 Cxd5 5.e4 Cxc3 6.bxc3 Fg7 7.Fc4 c5 8.Ce2 
O-O 9.Fe3 Cc6 10.Tc1 cxd4 11.cxd4 Da5+ 12.Rf1 Fg4 13.f3 Fd7 14.h4 Tfd8 15.
h5 Fe8 16.hxg6 hxg6 17.Rf2 Tac8 18.Fb3 e6 19.Dg1 Cxd4 20.Txc8 Txc8 21.Cxd4
Fxd4 22.Fxd4 Dd2+ 23.Rg3 Dg5+ 24.Rf2 Dd2+ 25.Rg3 Dg5+ 26.Rf2 1/2-1/2

[Event "Open"]
[Site "Palma de Majorca ESP"]
[Date "1992.??.??"]
[Round "9"]
[White "Topalov, Veselin"]
[Black "Tukmakov, Vladimir B"]
[Result "0-1"]
[WhiteElo "2460"]
[BlackElo "2535"]
[EventDate "1992.04.??"]

1.d4 Cf6 2.c4 g6 3.Cc3 d5 4.cxd5 Cxd5 5.e4 Cxc3 6.bxc3 Fg7 7.Fc4 O-O 8.Ce2
Cc6 9.O-O e5 10.Fa3 Te8 11.Fxf7+ Rxf7 12.Db3+ Rf6 13.f4 Fh6 14.fxe5+ Rg7 
15.Tf6 Fg4 16.Tf7+ Rh8 17.Dxb7 Cxe5 18.Txc7 Cd7 19.Fd6 Tc8 20.Cg3 Txc7 21.
Fxc7 Dg5 22.h3 De3+ 23.Rh2 Dxc3 24.Tf1 Fe6 25.d5 Fg8 26.Ff4 Fxf4 27.Txf4 
Cf6 28.Da6 Rg7 29.Dxa7+ Ff7 30.Ce2 De5 31.Rg1 Te7 32.Dd4 Dxd4+ 33.Cxd4 
Cxe4 0-1

[Event "Open"]
[Site "Benidorm ESP"]
[Date "1992.??.??"]
[Round "2"]
[White "Topalov, Veselin"]
[Black "Glimbrant, Torbjorn"]
[Result "1-0"]
[WhiteElo "2460"]
[BlackElo "2235"]
[EventDate "1992.06.??"]

1.d4 e6 2.c4 Cf6 3.Cc3 d5 4.Fg5 Fe7 5.e3 O-O 6.Dc2 Cbd7 7.Cf3 c6 8.O-O-O 
a6 9.Rb1 dxc4 10.Fxc4 b5 11.Fd3 Fb7 12.Ce5 h6 13.Fxf6 Fxf6 14.Cxd7 Dxd7 
15.Ce4 Fe7 16.Thg1 Dc7 17.g4 c5 18.Cxc5 Fxc5 19.dxc5 Tac8 20.g5 h5 21.g6 
Dxh2 22.gxf7+ Txf7 23.Fh7+ Rf8 24.Fg6 Tf6 25.Fe4 Txf2 26.Tgf1 Fxe4 27.Dxe4
Te8 28.Dc2 1-0

[Event "Open"]
[Site "Benidorm ESP"]
[Date "1992.??.??"]
[Round "3"]
[White "Carlier, Bruno"]
[Black "Topalov, Veselin"]
[Result "1/2-1/2"]
[WhiteElo "2395"]
[BlackElo "2460"]
[EventDate "1992.06.??"]

1.e4 c5 2.Cf3 d6 3.Fb5+ Cd7 4.d4 Cf6 5.O-O a6 6.Fxd7+ Cxd7 7.e5 e6 8.c4 
dxe5 9.dxe5 Fe7 10.Cc3 b6 11.Ce4 Fb7 12.De2 Dc7 13.Ff4 Dc6 14.Tfe1 Dxe4 
15.Dxe4 Fxe4 16.Txe4 h6 17.h4 g6 18.a4 O-O-O 19.Fd2 Cb8 20.Fc3 Cc6 21.Rf1 
Td7 22.Tf4 Fd8 23.Re2 Fc7 24.Te4 Thd8 25.Tc1 Rb7 26.Tc2 h5 27.Td2 Ca7 28.
Txd7 Txd7 29.Te3 b5 30.axb5 axb5 31.b3 bxc4 32.bxc4 Cc6 33.Td3 Te7 34.Re3 
Rc8 35.Re4 Fd8 36.Td1 Tb7 37.Ta1 Tb3 38.Fd2 Fe7 39.Fe3 Cb4 40.Cd2 Tb2 41.
Tb1 Txb1 42.Cxb1 Cc6 43.f4 1/2-1/2

[Event "Open"]
[Site "Benidorm ESP"]
[Date "1992.??.??"]
[Round "4"]
[White "Topalov, Veselin"]
[Black "Sorin, Ariel"]
[Result "1-0"]
[WhiteElo "2460"]
[BlackElo "2415"]
[EventDate "1992.06.??"]

1.d4 Cf6 2.c4 d6 3.Cc3 e5 4.Cf3 Cbd7 5.Fg5 Fe7 6.e3 c6 7.Dc2 h6 8.Fh4 Ch5 
9.Fxe7 Dxe7 10.O-O-O Chf6 11.Tg1 a6 12.g4 e4 13.Cd2 d5 14.Db3 Dd6 15.g5 
hxg5 16.Txg5 Txh2 17.cxd5 cxd5 18.Cxd5 b5 19.Cc3 Rf8 20.Cdxe4 Cxe4 21.Cxe4
Dc6+ 22.Cc3 Txf2 23.Db4+ Rg8 24.Fd3 Cf6 25.Tdg1 Fg4 26.e4 Td8 27.Rb1 a5 
28.Dxa5 Txd4 29.Cd5 De8 30.Dc3 Txd5 31.exd5 Tf4 32.T1xg4 1-0

[Event "Open"]
[Site "Benidorm ESP"]
[Date "1992.??.??"]
[Round "5"]
[White "Spangenberg, Hugo H"]
[Black "Topalov, Veselin"]
[Result "1/2-1/2"]
[WhiteElo "2305"]
[BlackElo "2460"]
[EventDate "1992.06.??"]

1.Cf3 d6 2.d4 Fg4 3.e3 Cd7 4.Fe2 e5 5.dxe5 dxe5 6.Cxe5 Fb4+ 7.c3 Cxe5 8.
Dxd8+ Txd8 9.cxb4 Cd3+ 10.Fxd3 Txd3 11.Cc3 Ce7 12.f3 Fe6 13.e4 Cc6 14.a3 
Cd4 15.Rf2 Cc2 16.Tb1 O-O 17.Ff4 Cxa3 18.Tbd1 Txd1 19.Txd1 Cc4 20.b3 Cb6 
21.Fxc7 Fxb3 22.Tb1 Tc8 23.Fxb6 Txc3 24.Fxa7 h5 25.b5 Fc4 26.Fd4 Tc2+ 27.
Rg3 h4+ 28.Rh3 Fe6+ 29.g4 hxg3+ 30.Rxg3 f6 31.Ta1 Fa2 32.h4 Rf7 33.Rf4 Rg6
34.h5+ Rh6 35.Rf5 Th2 36.Fe3+ Rh7 37.h6 Fc4 38.Tc1 Fxb5 39.hxg7 Th3 40.Fd4
Txf3+ 41.Re6 Rxg7 1/2-1/2

[Event "Open"]
[Site "Benidorm ESP"]
[Date "1992.??.??"]
[Round "6"]
[White "Topalov, Veselin"]
[Black "Sanchez Guirado, Francisco"]
[Result "1-0"]
[WhiteElo "2460"]
[BlackElo "2340"]
[EventDate "1992.06.??"]

1.d4 Cf6 2.c4 e6 3.Cc3 Fb4 4.Fg5 h6 5.Fh4 d5 6.e3 O-O 7.cxd5 exd5 8.Fd3 c6
9.Ce2 Te8 10.Dc2 Cbd7 11.O-O-O Cf8 12.Thg1 Dd6 13.h3 b5 14.g4 Fxc3 15.Cxc3
b4 16.Fg3 Dd8 17.Ca4 Ce4 18.Rb1 Da5 19.Tc1 Fe6 20.Cc5 Tac8 21.Cb7 Db6 22.
Cd6 Da5 23.Fxe4 dxe4 24.b3 Fd5 25.Cxe8 Txe8 26.Fd6 Ce6 27.Dd2 Db5 28.Dxb4 
Dd3+ 29.Rb2 a5 30.Dxa5 c5 31.Tgd1 De2+ 32.Td2 1-0

[Event "Open"]
[Site "Benidorm ESP"]
[Date "1992.??.??"]
[Round "7"]
[White "Damljanovic, Branko"]
[Black "Topalov, Veselin"]
[Result "1-0"]
[WhiteElo "2585"]
[BlackElo "2460"]
[EventDate "1992.06.??"]

1.Cf3 Cf6 2.c4 e6 3.g3 d5 4.Fg2 Fe7 5.b3 O-O 6.Fb2 c5 7.O-O Cc6 8.e3 dxc4 
9.bxc4 Db6 10.Db3 Ca5 11.Dxb6 axb6 12.Tc1 Td8 13.Ca3 Fd7 14.d3 Fc6 15.Ce1 
Ce8 16.Fc3 Ff6 17.Fxf6 Cxf6 18.Tcb1 Cd7 19.Ff1 Rf8 20.Tb2 Fa4 21.Cb1 Fd1 
22.Cc3 Fh5 23.f4 Cc6 24.Fg2 Fg6 25.Fxc6 bxc6 26.a4 Ta5 27.e4 Re7 28.Rf2 
Fh5 29.h3 f6 30.g4 Ff7 31.Cf3 h6 32.h4 Tg8 33.Th1 Taa8 34.Re3 Rd6 35.Tg2 
Rc7 36.h5 Tae8 37.e5 fxe5 38.Cxe5 Cxe5 39.fxe5 Tgf8 40.Ce4 Fg8 41.g5 Tf5 
42.gxh6 gxh6 43.Cf6 Txe5+ 44.Rd2 Ff7 45.Cxe8+ Fxe8 46.Tg7+ Rd6 47.Tb1 Fxh5
48.Txb6 Te2+ 49.Rc3 Ta2 50.Tb1 Ta3+ 51.Rd2 Ta2+ 52.Rc3 Ta3+ 53.Rb2 Txa4 
54.Th1 Fe2 55.Th2 Tb4+ 56.Rc3 Fd1 57.Txh6 Fa4 58.Tgg6 Tb3+ 59.Rd2 Tb2+ 60.
Re3 Tb1 61.Txe6+ Rd7 62.Teg6 Te1+ 63.Rd2 Td1+ 64.Re2 1-0

[Event "Memorial Angel Rodrigues Open"]
[Site "Candas ESP"]
[Date "1992.??.??"]
[Round "2"]
[White "Nedobora, Mikhail"]
[Black "Topalov, Veselin"]
[Result "0-1"]
[WhiteElo "2355"]
[BlackElo "2460"]
[EventDate "1992.10.??"]

1.d4 f5 2.g3 Cf6 3.Fg2 d6 4.c4 g6 5.Ch3 e5 6.dxe5 dxe5 7.Dxd8+ Rxd8 8.Cc3 
h6 9.b3 c6 10.Fb2 Fe6 11.f3 Cbd7 12.Cf2 Rc7 13.Cd3 Te8 14.O-O-O Rc8 15.
The1 h5 16.e4 h4 17.exf5 Fxf5 18.g4 Fxd3 19.Txd3 h3 20.Ff1 Cc5 21.Tdd1 
Fh6+ 22.Rb1 Ff4 23.Fd3 Cxd3 24.Txd3 Fxh2 25.Ce2 e4 26.Te3 exf3 27.Txf3 Ce4
28.Rc2 Cg5 29.Tf2 Fe5 30.Fxe5 Txe5 31.Th1 Te4 32.Tg1 Cf3 33.Th1 Ce5 34.Rd2
0-1

[Event "Memorial Angel Rodrigues Open"]
[Site "Candas ESP"]
[Date "1992.??.??"]
[Round "3"]
[White "Topalov, Veselin"]
[Black "Antunes, Antonio"]
[Result "1/2-1/2"]
[WhiteElo "2460"]
[BlackElo "2465"]
[EventDate "1992.10.??"]

1.e4 c5 2.Cf3 Cc6 3.d4 cxd4 4.Cxd4 g6 5.c4 Cf6 6.Cc3 d6 7.Fe2 Cxd4 8.Dxd4 
Fg7 9.Fg5 O-O 10.Dd2 a6 11.f3 Fe6 12.Tc1 b5 13.cxb5 axb5 14.a3 Cd7 15.b4 
Txa3 16.Cxb5 Ta2 17.De3 h6 18.Fh4 g5 19.Ff2 Db8 20.O-O Tc8 21.h4 Ff6 22.
hxg5 hxg5 23.Txc8+ Dxc8 24.Fd3 Ce5 25.Fb1 Tb2 26.Tc1 Db8 27.Cd4 Dxb4 28.
Cxe6 Txb1 29.Cc7 Cc4 30.De1 Dxe1+ 31.Txe1 Txe1+ 32.Fxe1 Fd4+ 33.Ff2 Fxf2+ 
34.Rxf2 Rg7 35.g3 e6 36.f4 Rg6 37.Rf3 Cd2+ 38.Re3 Cf1+ 39.Rf2 Cd2 40.Re3 
Cc4+ 41.Rd4 Cb6 42.Cb5 Cc8 43.Re3 g4 44.Rd3 f5 45.exf5+ Rxf5 46.Cd4+ Rf6 
47.Cc2 Ce7 48.Ce3 Cf5 49.Cxg4+ Re7 50.Ch2 Cxg3 51.Cf3 Rf6 52.Cd4 Cf5 53.
Cf3 Cg7 54.Cd4 d5 55.Re2 Re7 56.Rd3 Rd6 57.Cb5+ Rc6 58.Cd4+ Rc5 59.Cb3+ 
Rd6 60.Cd4 Cf5 61.Cxf5+ exf5 62.Rd4 Rc6 63.Re5 Rc5 64.Rxf5 d4 65.Rg6 d3 
66.f5 d2 67.f6 d1=D 68.f7 Dd8 69.Rg7 Dg5+ 70.Rh8 Df6+ 71.Rg8 Dg6+ 72.Rh8 
Dxf7 1/2-1/2

[Event "Memorial Angel Rodrigues Open"]
[Site "Candas ESP"]
[Date "1992.??.??"]
[Round "4"]
[White "Hoffman, Alejandro"]
[Black "Topalov, Veselin"]
[Result "1/2-1/2"]
[WhiteElo "2445"]
[BlackElo "2460"]
[EventDate "1992.10.??"]

1.d4 f5 2.g3 Cf6 3.Fg2 d6 4.b3 g6 5.Fb2 Fg7 6.Cd2 O-O 7.Ch3 De8 8.d5 c6 9.
c4 Ca6 10.O-O h6 11.Cf4 g5 12.dxc6 bxc6 13.Cd3 e5 14.e4 Dg6 15.f3 c5 16.
exf5 Fxf5 17.Cf2 Tad8 18.g4 Fc8 19.Te1 Cb4 20.Ff1 h5 21.a3 Cc6 22.h3 Dh6 
23.Fg2 Cd4 24.Fxd4 exd4 25.Te7 Cd7 26.Cde4 Ce5 27.Txa7 Tf4 28.Cg3 hxg4 29.
fxg4 Dh4 30.Fd5+ Rh8 31.Rg2 Tdf8 32.Ta2 Fxg4 33.Cxg4 Cxg4 34.hxg4 Txg4 35.
Dxg4 Dxg4 36.Ta1 Fh6 37.Th1 Tf6 38.Ta8+ Rg7 39.Te1 Tf7 40.Fxf7 Rxf7 41.
Ta7+ Rg6 42.Tae7 Rf6 43.T7e4 Dd7 44.a4 g4 45.Tf1+ Rg6 46.Tf5 d3 47.Txg4+ 
Rh7 48.Th4 d2 49.Td5 Rg6 50.Te4 Rf7 51.Cf5 Rg6 52.Cxd6 Ff8 53.Txd2 Fxd6 
54.Td5 Rf6 55.Te3 Dg4+ 56.Rf2 Fh2 57.Tf3+ Rg6 58.Re2 Dg2+ 59.Re3 Dc2 60.
Td3 Db2 61.Tf1 Dg2 62.Tf3 Dg5+ 63.Re2 Ff4 64.Tf2 De5+ 65.Rf1 Fe3 66.Tf3 
Fd4 67.Td2 Rh5 68.Tg2 De6 69.a5 Ff6 70.Te2 Dd6 71.Tee3 Dd1+ 72.Rg2 Dd2+ 
73.Rh3 Dd1 74.Rg2 Dd2+ 75.Rh3 Dd4 76.Tf5+ Rg6 77.Tef3 Fe5 78.a6 Da1 79.a7 
Fd4 80.Rg4 Dg1+ 81.Tg3 Da1 82.Tgf3 Dg1+ 83.Tg3 Da1 84.Rf4+ Rh6 85.Tfg5 
Dc1+ 86.Rf5 Df1+ 87.Re4 De1+ 88.Rd5 De8 1/2-1/2

[Event "Memorial Angel Rodrigues Open"]
[Site "Candas ESP"]
[Date "1992.??.??"]
[Round "5"]
[White "Topalov, Veselin"]
[Black "Danailov, Silvio"]
[Result "1-0"]
[WhiteElo "2460"]
[BlackElo "2445"]
[EventDate "1992.10.??"]

1.d4 Cf6 2.c4 c5 3.d5 d6 4.Cc3 g6 5.e4 Fg7 6.Cge2 O-O 7.Cg3 e6 8.Fe2 exd5 
9.exd5 Ce8 10.h4 f5 11.h5 Cd7 12.hxg6 hxg6 13.Fh6 Fxh6 14.Txh6 Dg5 15.Dd2 
Dxd2+ 16.Rxd2 Rg7 17.Tah1 Cdf6 18.T6h2 Fd7 19.a3 Cc7 20.b4 Th8 21.Txh8 
Txh8 22.Tb1 b6 23.f4 Te8 24.Ff3 Rf7 25.Cge2 Rg7 26.bxc5 dxc5 27.Cc1 Td8 
28.Cd3 Cfe8 29.Ce5 Cd6 30.a4 Fe8 31.Fe2 Tb8 32.g4 Td8 33.Fd3 fxg4 34.Tg1 
Rf6 35.Cxg4+ Rg7 36.Ce5 Rh7 37.Ce4 Cxe4+ 38.Fxe4 Td6 39.Re3 Tf6 40.Tg5 Rh6
41.Cg4+ 1-0

[Event "Memorial Angel Rodrigues Open"]
[Site "Candas ESP"]
[Date "1992.??.??"]
[Round "6"]
[White "Barlov, Dragan"]
[Black "Topalov, Veselin"]
[Result "1-0"]
[WhiteElo "2460"]
[BlackElo "2460"]
[EventDate "1992.10.??"]

1.d4 f5 2.c4 Cf6 3.Cc3 d6 4.Fg5 Cbd7 5.Dc2 g6 6.e4 fxe4 7.Cxe4 Fg7 8.Cf3 
c5 9.Cc3 O-O 10.Fe2 Da5 11.Fd2 Db6 12.d5 Cg4 13.O-O Cde5 14.Cxe5 Fxe5 15.
Fxg4 Fxg4 16.Fh6 Tf7 17.b3 Ff5 18.Dd2 Db4 19.Tac1 a6 20.Tfe1 b5 21.Txe5 
dxe5 22.d6 Fe6 23.dxe7 Te8 24.Dd6 Tfxe7 25.Ce4 Tf7 26.Dc6 Tfe7 27.Cf6+ Rf7
28.Cxe8 Txe8 29.Df3+ Ff5 30.g4 e4 31.Df4 e3 32.gxf5 e2 33.fxg6+ Rxg6 34.
Dg5+ Rf7 35.Dh5+ Re7 36.Dxe2+ Rd7 37.Dd2+ 1-0

[Event "Memorial Angel Rodrigues Open"]
[Site "Candas ESP"]
[Date "1992.??.??"]
[Round "7"]
[White "Topalov, Veselin"]
[Black "Maljutin, Evgeni"]
[Result "1-0"]
[WhiteElo "2460"]
[BlackElo "2465"]
[EventDate "1992.10.??"]

1.d4 d5 2.c4 c6 3.Cc3 e6 4.Cf3 dxc4 5.g3 Cf6 6.Fg2 Cbd7 7.a4 a5 8.O-O Fe7 
9.e4 Cb6 10.Fe3 O-O 11.De2 Cg4 12.Fd2 c5 13.dxc5 Fxc5 14.e5 Dd3 15.Dxd3 
cxd3 16.h3 Ch6 17.Ce4 Fe7 18.Tfd1 Fd7 19.b3 Cd5 20.Fe1 Cb4 21.Fxb4 Fxb4 
22.Txd3 Fc6 23.Cd4 Tfd8 24.Tad1 Cf5 25.Cxf5 Txd3 26.Ch6+ Rf8 27.Txd3 Fxe4 
28.Fxe4 gxh6 29.Fxb7 Tb8 30.Td7 Te8 31.Ff3 Te7 32.Td3 Tc7 33.Fh5 Fc3 34.
Te3 Tc5 35.Tf3 Fxe5 36.Txf7+ Rg8 37.Tb7 Tc7 38.Tb6 Fd4 39.Txe6 Tc2 40.Fe2 
Tc3 41.Te4 Fc5 42.Rg2 Rg7 43.Fc4 Tc2 44.Tf4 Fb4 45.h4 1-0

[Event "Memorial Angel Rodrigues Open"]
[Site "Candas ESP"]
[Date "1992.??.??"]
[Round "8"]
[White "Komljenovic, Davorin"]
[Black "Topalov, Veselin"]
[Result "1-0"]
[WhiteElo "2495"]
[BlackElo "2460"]
[EventDate "1992.10.??"]

1.d4 d6 2.Cf3 Fg4 3.c4 Fxf3 4.exf3 c6 5.Cc3 g6 6.Fd3 Fg7 7.d5 Cf6 8.O-O 
O-O 9.Te1 Cbd7 10.f4 Cb6 11.f5 Tc8 12.fxg6 hxg6 13.Fg5 Te8 14.Db3 Cfd7 15.
Ff1 Cc5 16.Da3 cxd5 17.cxd5 a6 18.Tad1 Dd7 19.Db4 Cba4 20.Cxa4 Cxa4 21.Td3
Cxb2 22.Th3 Cc4 23.Fxc4 Dg4 24.f4 f6 25.Tg3 Df5 26.Fd3 Dxd5 27.Fxg6 Tc4 
28.Db3 Tec8 29.Fd3 fxg5 30.Fxc4 Txc4 31.Txg5 Dd4+ 32.Rh1 Dxf4 33.Tf5 Dh4 
34.Tef1 e6 35.T5f3 b5 36.Dd3 De7 37.Dg6 Tc7 38.Th3 Df6 39.Dh7+ 1-0

[Event "Memorial Angel Rodrigues Open"]
[Site "Candas ESP"]
[Date "1992.??.??"]
[Round "9"]
[White "Topalov, Veselin"]
[Black "Martin Gonzalez, Angel"]
[Result "1-0"]
[WhiteElo "2460"]
[BlackElo "2435"]
[EventDate "1992.10.??"]

1.d4 d5 2.c4 e6 3.Cf3 c5 4.cxd5 exd5 5.g3 Cc6 6.Fg2 Cf6 7.O-O Fe7 8.Cc3 
O-O 9.Fg5 cxd4 10.Cxd4 h6 11.Fe3 Te8 12.Da4 Fd7 13.Tad1 Cb4 14.Db3 a5 15.
a4 Tc8 16.Cc2 b5 17.Cxb4 bxa4 18.Cxa4 Tb8 19.Cb6 Txb6 20.Fxb6 Dxb6 21.Fxd5
Cxd5 22.Txd5 Fh3 23.Da4 Tc8 24.Cd3 Fxf1 25.Rxf1 Fb4 26.Dd7 Tb8 27.h4 Db7 
28.h5 a4 29.Dxb7 Txb7 30.Td8+ Rh7 31.Ta8 Tb5 32.Txa4 Fe7 33.Ta7 Ff6 34.
Txf7 Fxb2 35.Cxb2 Txb2 36.f4 Tb5 37.g4 Rg8 38.Tf5 Tb2 39.Rf2 g6 40.hxg6 
Rg7 41.g5 Tb6 42.Tf7+ 1-0

[Event "BG"]
[Site "?"]
[Date "1993.??.??"]
[Round "?"]
[White "Topalov, Veselin"]
[Black "Genov, Petar"]
[Result "1-0"]
[WhiteElo "2635"]
[BlackElo "2435"]
[EventDate "1993.??.??"]

1.e4 c5 2.Cf3 d6 3.d4 cxd4 4.Cxd4 Cf6 5.Cc3 a6 6.Fe3 Cg4 7.Fg5 h6 8.Fh4 g5
9.Fg3 Fg7 10.Dd2 Cc6 11.Cb3 Fe6 12.f3 Cge5 13.Cd5 b5 14.Ff2 Tb8 15.Cd4 
Cxd4 16.Fxd4 Tg8 17.O-O-O Fxd5 18.exd5 Tc8 19.Rb1 Dc7 20.h4 Ff6 21.hxg5 
hxg5 22.Fd3 Cc4 23.Fxc4 Fxd4 24.Fd3 Ff6 25.Ff5 Tb8 26.Tde1 Dc5 27.Te4 Tb7 
28.a3 Db6 29.g3 Tc7 30.Th6 Tc4 31.Te1 Rf8 32.Txf6 exf6 33.Dh2 Dd8 34.Dh6+ 
Tg7 35.Te6 Rg8 36.Dxf6 1-0

[Event "It A"]
[Site "Las Palmas ESP"]
[Date "1993.??.??"]
[Round "5"]
[White "Khalifman, Alexander"]
[Black "Topalov, Veselin"]
[Result "1-0"]
[WhiteElo "2630"]
[BlackElo "2635"]
[EventDate "1993.??.??"]

1.d4 f5 2.Cc3 d5 3.Ff4 Cf6 4.e3 c6 5.Cf3 g6 6.Fd3 Fg7 7.O-O O-O 8.Ce2 Ce4 
9.c4 Rh8 10.Fe5 e6 11.b4 Cd6 12.Fxg7+ Rxg7 13.Db3 Cd7 14.a4 Df6 15.cxd5 
exd5 16.b5 Ce4 17.Tac1 Dd6 18.Dc2 Tf6 19.Tfd1 a6 20.Cf4 h6 21.Db2 Rh7 22.
Ce5 Cec5 23.Txc5 Cxc5 24.dxc5 Dxc5 25.Cd7 1-0

[Event "Zonal B"]
[Site "Budapest HUN"]
[Date "1993.??.??"]
[Round "1"]
[White "Topalov, Veselin"]
[Black "Gazik, Igor"]
[Result "1-0"]
[WhiteElo "2635"]
[BlackElo "2425"]
[EventDate "1993.03.??"]

1.e4 g6 2.d4 Fg7 3.Cc3 d6 4.Fe3 Cd7 5.h4 Cgf6 6.f3 e5 7.Dd2 O-O 8.O-O-O h5
9.Cge2 c6 10.Fh6 b5 11.Fxg7 Rxg7 12.Cg3 Tb8 13.Fe2 b4 14.Ca4 Da5 15.dxe5 
dxe5 16.b3 Cb6 17.Dg5 Th8 18.Cb2 Dxa2 19.Td6 Fe6 20.Cf5+ Fxf5 21.Dxf6+ Rg8
22.exf5 Da1+ 23.Rd2 Dxb2 24.Fd3 Cd5 25.Txd5 cxd5 26.fxg6 Dc3+ 27.Re2 Dc7 
28.Th3 fxg6 29.Tg3 Th7 30.Dxg6+ Tg7 31.Dh7+ 1-0

[Event "Zonal B"]
[Site "Budapest HUN"]
[Date "1993.??.??"]
[Round "2"]
[White "Sznapik, Aleksander"]
[Black "Topalov, Veselin"]
[Result "0-1"]
[WhiteElo "2440"]
[BlackElo "2635"]
[EventDate "1993.03.??"]

1.e4 e5 2.Cf3 Cc6 3.Fb5 a6 4.Fa4 Cf6 5.O-O Fe7 6.Te1 b5 7.Fb3 d6 8.c3 O-O 
9.h3 Cd7 10.d4 Ff6 11.Fe3 Ca5 12.Fc2 Cc4 13.Fc1 Fb7 14.b3 Ccb6 15.Cbd2 Te8
16.a4 b4 17.a5 bxc3 18.Cb1 exd4 19.axb6 c5 20.Ca3 Cxb6 21.Cc4 Cxc4 22.bxc4
Ta7 23.Dd3 g6 24.Ff4 Fe5 25.Fg5 Ff6 26.h4 Fc6 27.Fa4 Fxa4 28.Txa4 a5 29.g3
Fxg5 30.hxg5 Te6 31.Rg2 Tae7 32.Ta2 Te8 33.Tea1 Da8 34.Te2 a4 35.Tae1 a3 
36.Ta1 Tb8 37.Ch2 h5 38.gxh6 f5 39.h7+ Rh8 40.f3 Tb2 41.Rh3 a2 42.g4 fxe4 
43.Txe4 Txe4 44.fxe4 Df8 45.Cf3 Df4 46.e5 dxe5 47.Te1 Tf2 0-1

[Event "Zonal B"]
[Site "Budapest HUN"]
[Date "1993.??.??"]
[Round "3"]
[White "Topalov, Veselin"]
[Black "Spasov, Vasil"]
[Result "1/2-1/2"]
[WhiteElo "2635"]
[BlackElo "2520"]
[EventDate "1993.03.??"]

1.e4 c5 2.Cf3 Cc6 3.d4 cxd4 4.Cxd4 Cf6 5.Cc3 e5 6.Cdb5 d6 7.Fg5 a6 8.Ca3 
b5 9.Fxf6 gxf6 10.Cd5 Fg7 11.Fd3 Ce7 12.Cxe7 Dxe7 13.c3 f5 14.Cc2 Fb7 15.
exf5 Dg5 16.Ce3 d5 17.O-O O-O 18.f4 exf4 19.Dg4 Dxg4 20.Cxg4 f6 21.Txf4 
Tfe8 22.a4 Fc6 23.axb5 axb5 24.Txa8 Txa8 25.Rf2 h5 26.Ce3 Ff8 27.Cd1 Ta4 
28.Txa4 bxa4 29.Fe2 Fc5+ 30.Rg3 1/2-1/2

[Event "Zonal B"]
[Site "Budapest HUN"]
[Date "1993.??.??"]
[Round "4"]
[White "Chernin, Alexander"]
[Black "Topalov, Veselin"]
[Result "0-1"]
[WhiteElo "2600"]
[BlackElo "2635"]
[EventDate "1993.03.??"]

1.d4 d5 2.c4 e6 3.Cc3 c6 4.e3 Cf6 5.Cf3 Cbd7 6.Fd3 dxc4 7.Fxc4 b5 8.Fd3 
Fb7 9.O-O a6 10.e4 c5 11.d5 c4 12.Fc2 Dc7 13.Cd4 Cc5 14.Fg5 O-O-O 15.Fxf6 
gxf6 16.b4 cxb3 17.Fxb3 Rb8 18.Tc1 Fd6 19.Dh5 Ff4 20.Ccxb5 Db6 21.Cc6+ 
Fxc6 22.dxc6 Cxb3 23.Tb1 axb5 24.Txb3 Fe5 25.Tfb1 Dxc6 26.Txb5+ Rc8 27.Tb6
Dc2 28.g3 Td7 29.Dg4 Thd8 30.Rg2 Td2 31.Tf1 Fd4 32.Tbb1 Txf2+ 33.Txf2 Dxb1
34.Tf1 Dxa2+ 35.Rh3 Rd7 36.Tc1 Re7 37.Dg7 Fe5 0-1

[Event "Zonal B"]
[Site "Budapest HUN"]
[Date "1993.??.??"]
[Round "5"]
[White "Topalov, Veselin"]
[Black "Marin, Mihail"]
[Result "1/2-1/2"]
[WhiteElo "2635"]
[BlackElo "2515"]
[EventDate "1993.03.??"]

1.e4 e5 2.Cf3 Cc6 3.Fb5 a6 4.Fa4 Cf6 5.O-O Cxe4 6.d4 b5 7.Fb3 d5 8.dxe5 
Fe6 9.Cbd2 Cc5 10.c3 Fe7 11.Fc2 Fg4 12.Te1 O-O 13.Cf1 Te8 14.h3 Fh5 15.Cg3
Fg6 16.Fxg6 1/2-1/2

[Event "Zonal B"]
[Site "Budapest HUN"]
[Date "1993.??.??"]
[Round "6"]
[White "Stohl, Igor"]
[Black "Topalov, Veselin"]
[Result "1/2-1/2"]
[WhiteElo "2540"]
[BlackElo "2635"]
[EventDate "1993.03.??"]

1.Cf3 d6 2.d4 f5 3.g3 Cf6 4.Fg2 g6 5.b3 Fg7 6.Fb2 O-O 7.O-O De8 8.c4 h6 9.
Cc3 g5 10.Dc2 Dh5 11.e3 Ca6 12.a3 c6 13.Tae1 Tb8 14.d5 cxd5 15.Cxd5 Cxd5 
16.Fxg7 Rxg7 17.cxd5 Dg6 18.Cd4 Fd7 19.f4 Tbc8 20.Db2 Df6 21.fxg5 hxg5 22.
Fh3 De5 23.e4 Cc7 24.Fxf5 Cb5 25.Td1 Cxd4 26.Dxd4 Dxd4+ 27.Txd4 Fxf5 28.
exf5 Tc3 29.Tb4 b6 30.g4 Rf7 31.Te1 Tfc8 32.a4 Td3 33.a5 Txd5 34.axb6 axb6
35.Txb6 Td4 36.h3 Tc7 37.Te2 Td3 38.Rg2 Tcc3 39.Tb7 Tg3+ 40.Rf2 Tcf3+ 41.
Re1 1/2-1/2

[Event "Zonal B"]
[Site "Budapest HUN"]
[Date "1993.??.??"]
[Round "7"]
[White "Topalov, Veselin"]
[Black "Haba, Petr"]
[Result "1/2-1/2"]
[WhiteElo "2635"]
[BlackElo "2485"]
[EventDate "1993.03.??"]

1.e4 c5 2.Cf3 Cc6 3.d4 cxd4 4.Cxd4 Dc7 5.Cc3 e6 6.Fe3 a6 7.Fd3 Cf6 8.O-O 
Ce5 9.h3 Fc5 10.Rh1 d6 11.f4 Cg6 12.Dd2 Fd7 13.Tae1 O-O 14.Fg1 Tad8 15.e5 
1/2-1/2

[Event "Zonal B"]
[Site "Budapest HUN"]
[Date "1993.??.??"]
[Round "8"]
[White "Istratescu, Andrei"]
[Black "Topalov, Veselin"]
[Result "1/2-1/2"]
[WhiteElo "2470"]
[BlackElo "2635"]
[EventDate "1993.03.??"]

1.e4 e6 2.d4 d5 3.Cd2 Cf6 4.e5 Cfd7 5.f4 c5 6.c3 Cc6 7.Cdf3 Db6 8.h4 cxd4 
9.cxd4 Fb4+ 10.Rf2 f6 11.Fe3 Fe7 12.Dd2 Da5 13.Fd3 Cb6 14.Dxa5 Cxa5 15.b3 
Fd7 16.h5 Cc6 17.h6 g6 18.exf6 Fxf6 19.Ce5 Cb4 20.Fe2 Cc8 21.Cgf3 Cd6 22.
Thc1 Cc6 23.g4 Tc8 24.Rg2 Cf7 25.Cxf7 Rxf7 26.Ce5+ Re8 27.Tf1 Tf8 28.Tac1 
Fd8 29.Fd3 Fb6 30.Cxc6 Txc6 31.Txc6 bxc6 32.b4 1/2-1/2